000 00891nam0a22002531 4500
001 rc\4234395
005 20130416111322.9
021 _aRU
_b[64-56451]
035 _a(NLR Aleph) 008466003
090 _a7899455
_c7899455
100 _a20130416d1964 |||y0rusy50 ca
101 0 _arus
102 _aRU
105 _aa z |||||
200 1 _aМетодическое пособие по правилам движения
_eДля преподавателей училищ механизации и школ всеобуча
210 _aКазань
_cТаткнигоиздат
_d1964
215 _a76 с.
_cчерт.
_d20
606 _aПравила уличного движения
_jМетодические пособия
_2psbo
700 1 _aАнаньев
_bС. Г.
801 0 _aRU
_bNLR
_gpsbo
801 1 _aRU
_bELAR
_2rusmarc
852 _aNLR
_j64-4/12207
942 _cBOOK
980 _aNB